LEADER 00565naa a2200133 i 4500 001 000000325160 003 CaOOAMICUS 005 20180831173457.0 008 180831n xx u000 u und u 013 $a36083 040 $aSeMil$bita 100 1 $aFanfani, Amintore,$d<1908-1999>.$0(OLS)http://semarc/name/5491 245 11$a«Cose nuove» all'inizio del 20. secolo :$bnovità nei decenni successivi : adeguamenti attesi nel 2000. 996 $6245$a«Cose nuove» all'inizio del 20. secolo :$bnovità nei decenni successivi : adeguamenti attesi nel 2000$9(OLS)http://semarc/title/371952 LEADER 01088nam a2200241 i 4500 001 000000193474 003 CaOOAMICUS 005 20150707000000.0 008 150707s1942 it u000 u ita u 013 $a172116 040 $aSeMil$bita 100 1 $aTognetti, Lorenzo,$c.$0(OLS)http://semarc/name/9723 245 10$aEsercizi spirituali di S. Ignazio di Loiola /$ctraduzione letterale dall'originale spagnuolo preceduta da un'ampia introduzione per il p. Lorenzo Tognetti. 260 $aFirenze :$bLibreria Editrice Fiorentina,$c1942. 300 $a192 p. ;$c12 cm. 500 $aFondo card. Giovanni Colombo. 650 4$aIgnazio : di Loyola - Esercizi spirituali.$0(OLS)http://semarc/subject/1914 850 $aSeMil 852 $aSeMil$W1$xVenegono$y1$m3GC I 423/A$j144048$B144048$CSeMilBibl$Z2$F155492 $8B 941 1 $a3 961 $aLascito: Colombo Card. Giovanni 996 $6245$aEsercizi spirituali di S. Ignazio di Loiola$9(OLS)http://semarc/title/278903 996 $6260$aFirenze :$bLibreria Editrice Fiorentina$9(OLS)http://semarc/publisher/30629